Central Library || Chittagong University

Child psychology : (Record no. 112077)

MARC details
000 -LEADER
fixed length control field 00516nam a22001817a 4500
003 - CONTROL NUMBER IDENTIFIER
control field BD-ChCU
005 - DATE AND TIME OF LATEST TRANSACTION
control field 20260406143814.0
008 - FIXED-LENGTH DATA ELEMENTS--GENERAL INFORMATION
fixed length control field 260406b bg ||||| |||| 00| 0 ben d
040 ## - CATALOGING SOURCE
Transcribing agency BD-ChCU
082 ## - DEWEY DECIMAL CLASSIFICATION NUMBER
Classification number 155.4 THC(2)
100 ## - MAIN ENTRY--PERSONAL NAME
Personal name Thompson, George G.
9 (RLIN) 21225
245 ## - TITLE STATEMENT
Title Child psychology :
Remainder of title growth trends in psychological adjustment.//
Statement of responsibility, etc. Thompson, George G.
250 ## - EDITION STATEMENT
Edition statement 2nd ed.
260 ## - PUBLICATION, DISTRIBUTION, ETC.
Place of publication, distribution, etc. Bombay.
Name of publisher, distributor, etc. Times of India.
Date of publication, distribution, etc. 1969
300 ## - PHYSICAL DESCRIPTION
Extent xxi, 714p
650 #0 - SUBJECT ADDED ENTRY--TOPICAL TERM
Topical term or geographic name entry element Psychology.
9 (RLIN) 21227
942 ## - ADDED ENTRY ELEMENTS (KOHA)
Source of classification or shelving scheme Dewey Decimal Classification
Koha item type Books
Suppress in OPAC No
Holdings
Withdrawn status Lost status Source of classification or shelving scheme Damaged status Not for loan Home library Current library Shelving location Date acquired Source of acquisition Total Checkouts Full call number Barcode Date last seen Copy number Price effective from Koha item type
    Dewey Decimal Classification     Chittagong University Library Chittagong University Library Arts and Humanities Reading Room 04/06/2026 Purchase   155.4 THC(2) 105864 04/06/2026 C-1 04/06/2026 Books
    Dewey Decimal Classification     Chittagong University Library Chittagong University Library Arts and Humanities Reading Room 04/06/2026 Purchase   155.4 THC(2) 105865 04/06/2026 C-2 04/06/2026 Books
    Dewey Decimal Classification     Chittagong University Library Chittagong University Library Arts and Humanities Reading Room 04/06/2026 Purchase   155.4 THC(2) 106224 04/06/2026 C-3 04/06/2026 Books
    Dewey Decimal Classification     Chittagong University Library Chittagong University Library Arts and Humanities Reading Room 04/06/2026 Purchase   155.4 THC(2) 106225 04/06/2026 C-4 04/06/2026 Books
© Copyright 2025. Chittagong University Library, Installation and Maintenance by Prof. Dr. Md. Alamgir, 01711306253